Programmes du Club Dorothée en images #2 - Statistiques

Statistiques générales
  • Ce quiz a été pris 895 fois
  • Le résultat moyen est 11 sur 20
Statistiques - réponses
Par images Réponse % Correct
Les Nouvelles Aventures de Winnie l'ourson
97%
Dragon Ball Z
96%
Goldorak
91%
Power Rangers
89%
La Bande à Picsou
83%
Nicky Larson
82%
Jeanne et Serge
76%
Princesse Sarah
65%
Rémi sans famille
58%
MacGyver
57%
Sherlock Holmes
54%
Le Miel et les Abeilles
46%
Le Collège fou, fou, fou
44%
Les Minipouss
43%
Gigi
37%
Premiers baisers
36%
Jayce et les Conquérants de la lumière
34%
Ultraman 80
21%
Pole Position
19%
La Philo selon Philippe
18%
Aucun quiz correspondant
Distribution des résultats
% des personnes avec chaque résultat
Percentile par nombre de réponses
Votre historique - résultats
Vous n’avez pas pris ce quiz